000
00487nam a2200181Ia 4500
008
100917s9999 xx 000 0 und d
082
_b
63582
100
_a
बोरकर कमलाकर
245
_a
ललाटरेषा
260
_b
त्रदिल प्रकाशन
_c
1983
300
_a
79
365
_b
7.5
520
_a
नाटक
630
_a
ललाटरेषा
650
_a
नाटक
730
_a
ललाटरेषा
942
_c
BOOK
999
_c
668976
_d
668973